[Event "European Youth Chess Championship B14"]
[Site "Prague, Top Hotel Prague"]
[Date "2016.08.19"]
[Round "2.61"]
[White "Balin, Daniel"]
[Black "Bystritskiy, Daniil"]
[Result "1-0"]
[WhiteElo "1567"]
[BlackElo "1906"]
[PlyCount "77"]
[EventDate "2016.08.18"]

1. d4 Nf6 2. c4 e6 3. Nc3 Bb4 4. Qc2 Nc6 5. Nf3 O-O 6. a3 Bxc3+ 7. Qxc3 d5 8.
Bg5 h6 9. Bh4 dxc4 10. Qxc4 Qe7 11. Ne5 Na5 12. Qc3 b6 13. b4 Nb7 14. Bxf6 Qxf6
15. Qxc7 Rd8 16. e3 Nd6 17. Ng4 Qg5 18. h4 Ne8 19. hxg5 Nxc7 20. gxh6 gxh6 21.
Rxh6 Kg7 22. Rh4 Bb7 23. Rc1 Nd5 24. Bd3 f5 25. Ne5 Rac8 26. Rxc8 Rxc8 27. g4
Ne7 28. gxf5 exf5 29. Kd2 Ng6 30. Nxg6 Kxg6 31. Rg4+ Kh5 32. Rf4 Rc7 33. Rxf5+
Kg4 34. Rf4+ Kg5 35. Bc2 Rd7 36. Rf5+ Kh4 37. Bb3 Re7 38. Rf7 Rxf7 39. Bxf7 1-0

[Event "European Youth Chess Championship B14"]
[Site "Prague, Top Hotel Prague"]
[Date "2016.08.19"]
[Round "2.62"]
[White "Gloser, David"]
[Black "Novotny, Martin"]
[Result "1-0"]
[WhiteElo "1900"]
[BlackElo "1557"]
[PlyCount "111"]
[EventDate "2016.08.18"]

1. e4 c5 2. c3 d5 3. exd5 Qxd5 4. d4 g6 5. Nf3 Bg7 6. Be3 cxd4 7. cxd4 Nf6 8.
Nc3 Qa5 9. Be2 O-O 10. O-O Nbd7 11. a3 Qd8 12. d5 Nb6 13. Bxb6 Qxb6 14. Qc2 Bf5
15. Bd3 Bxd3 16. Qxd3 Rfd8 17. Rfd1 Rac8 18. Qe2 Rc7 19. g4 Nxg4 20. d6 Rcd7
21. Nd5 Qxd6 22. Nxe7+ Rxe7 23. Rxd6 Rxe2 24. Rxd8+ Bf8 25. Rc1 Kg7 26. Rd2 Re6
27. Rc7 Rf6 28. h3 Rxf3 29. hxg4 Rf4 30. Rdd7 Rxg4+ 31. Kf1 Rf4 32. Rxb7 h5 33.
b4 a6 34. Ra7 Rf6 35. Rd5 h4 36. Kg2 h3+ 37. Kxh3 Rf3+ 38. Kg2 Rxa3 39. Rdd7
Bxb4 40. Rxf7+ Kh6 41. Rf6 Kg5 42. Raxa6 Rxa6 43. Rxa6 Kf5 44. Rb6 Be7 45. Rb5+
Ke6 46. f4 Kf6 47. Kf3 Ke6 48. Ke4 Bd6 49. Rb6 Ke7 50. Kf3 Ke6 51. Kg4 Kd7 52.
Kg5 Ke7 53. Rxd6 Kxd6 54. Kxg6 Ke7 55. f5 Kf8 56. Kf6 1-0

[Event "European Youth Chess Championship B14"]
[Site "Prague, Top Hotel Prague"]
[Date "2016.08.19"]
[Round "2.63"]
[White "Gherghel-Butan, Mircea"]
[Black "Djian, Lenny"]
[Result "1-0"]
[WhiteElo "1892"]
[BlackElo "1503"]
[PlyCount "71"]
[EventDate "2016.08.18"]

1. d4 d5 2. c4 c6 3. Nf3 Nf6 4. Nc3 Qb6 5. e3 Bg4 6. h3 Bh5 7. Be2 e6 8. O-O
Nbd7 9. Re1 Be7 10. Qb3 Qxb3 11. axb3 Bd6 12. c5 Bc7 13. b4 a6 14. b5 a5 15. b6
Bd8 16. b4 a4 17. Rxa4 Rxa4 18. Nxa4 O-O 19. b5 Nb8 20. g4 Nxg4 21. hxg4 Bxg4
22. Nc3 Bxf3 23. Bxf3 f5 24. Bd2 cxb5 25. Nxb5 Nc6 26. Nd6 Be7 27. Nxb7 Ra8 28.
Rb1 g5 29. Be1 g4 30. Be2 h5 31. Bb5 Nxd4 32. exd4 Bf6 33. Na5 e5 34. b7 Rb8
35. Bc6 e4 36. Bxd5+ 1-0

[Event "European Youth Chess Championship B14"]
[Site "Prague, Top Hotel Prague"]
[Date "2016.08.19"]
[Round "2.64"]
[White "Lavorgna, Francesco"]
[Black "Gatt, Matthias"]
[Result "1-0"]
[WhiteElo "1887"]
[BlackElo "1475"]
[PlyCount "113"]
[EventDate "2016.08.18"]

1. c4 e5 2. Nc3 f5 3. g3 Nf6 4. Bg2 c6 5. d4 e4 6. Nh3 Bb4 7. O-O Bxc3 8. bxc3
O-O 9. Qb3 Qe7 10. Ba3 d6 11. Rab1 c5 12. e3 Nbd7 13. Nf4 b6 14. Rfd1 Bb7 15.
Nd5 Nxd5 16. cxd5 Nf6 17. dxc5 dxc5 18. c4 Rfd8 19. Bb2 h6 20. a4 Rd6 21. a5
Bc8 22. Ba3 Qd8 23. Qc3 Qe8 24. Ra1 Bd7 25. Bb2 Bc8 26. Qe5 Qd7 27. axb6 Rxb6
28. Ba3 Ng4 29. Qc3 Qd6 30. Bb2 Rb7 31. h3 Nf6 32. Ra2 Rb6 33. Rda1 a6 34. Ra5
Ne8 35. Ba3 Rab8 36. Qc2 Qc7 37. Rxc5 Qb7 38. Ra5 Rb1+ 39. Rxb1 Qxb1+ 40. Qxb1
Rxb1+ 41. Kh2 Ra1 42. Bb4 Rxa5 43. Bxa5 Nd6 44. c5 Nb7 45. Bb6 a5 46. c6 Nd6
47. Bc5 Ne8 48. d6 Nf6 49. d7 Nxd7 50. cxd7 Bxd7 51. Bb6 Bb5 52. g4 fxg4 53.
Bxe4 gxh3 54. Kxh3 Kf7 55. Kg4 Be2+ 56. f3 Ke7 57. Kh5 1-0

[Event "European Youth Chess Championship B14"]
[Site "Prague, Top Hotel Prague"]
[Date "2016.08.19"]
[Round "2.65"]
[White "Cernicek, Matyas"]
[Black "Nagy, Ladislav"]
[Result "0-1"]
[WhiteElo "1461"]
[BlackElo "1872"]
[PlyCount "69"]
[EventDate "2016.08.18"]

1. e4 c5 2. Nf3 Nc6 3. d4 cxd4 4. Nxd4 e5 5. Nb3 Nf6 6. Nc3 Be7 7. f3 d6 8. Be3
Be6 9. Qd2 d5 10. exd5 Nxd5 11. Nxd5 Qxd5 12. Qxd5 Bxd5 13. Nc5 O-O-O 14. c4
Nd4 15. Bxd4 exd4 16. cxd5 Bxc5 17. Rc1 Rxd5 18. b4 b6 19. bxc5 bxc5 20. Kd2 f6
21. Ba6+ Kc7 22. Rb1 d3 23. Bxd3 c4 24. Rhc1 Rxd3+ 25. Ke2 Re8+ 26. Kf2 Rd2+
27. Kg1 Ree2 28. Rxc4+ Kd6 29. Rg4 g6 30. a4 f5 31. Rg3 Ra2 32. Kf1 Rf2+ 33.
Kg1 Rfc2 34. f4 Rxa4 35. Rd3+ 0-1

[Event "European Youth Chess Championship B14"]
[Site "Prague, Top Hotel Prague"]
[Date "2016.08.19"]
[Round "2.66"]
[White "Akulov, Lev"]
[Black "Marko, Pirro"]
[Result "1-0"]
[WhiteElo "1862"]
[BlackElo "1441"]
[PlyCount "121"]
[EventDate "2016.08.18"]

1. e4 c5 2. Nf3 e6 3. d4 cxd4 4. Nxd4 Nf6 5. Nc3 d6 6. Be3 Be7 7. f3 O-O 8. Qd2
Nc6 9. O-O-O Bd7 10. Kb1 a6 11. g4 b5 12. h4 Ne8 13. g5 g6 14. h5 gxh5 15. Rxh5
Ng7 16. Rh1 f6 17. Qh2 fxg5 18. Qxh7+ Kf7 19. Rh6 Rh8 20. Qg6+ Kg8 21. Rxh8+
Kxh8 22. Nxc6 Bxc6 23. Bd4 Qf8 24. Qxe6 Kh7 25. Bxg7 Kxg7 26. Bd3 Qf6 27. Qxf6+
Bxf6 28. Be2 Be5 29. Rg1 Kg6 30. Nd1 Rh8 31. Rg2 Rh2 32. Rxh2 Bxh2 33. Nf2 Bf4
34. c3 d5 35. exd5 Bxd5 36. Kc2 Kf5 37. Bd3+ Ke6 38. Be2 Kd6 39. Nd3 Be3 40.
Nb4 Bb7 41. Kd3 Bf4 42. Nc2 Bd5 43. b3 Kc5 44. Nd4 Kd6 45. c4 bxc4+ 46. bxc4
Bf7 47. Nb3 Kc6 48. Kc3 Bd6 49. Kd4 Bg8 50. Bd3 Bf7 51. Be4+ Kc7 52. Nc5 Bf8
53. Bd5 Bxd5 54. Kxd5 Be7 55. Nxa6+ Kb6 56. Nb8 Kc7 57. Nc6 Ba3 58. Nd4 Bc1 59.
c5 Be3 60. Nb5+ Kb7 61. Nd6+ 1-0

[Event "European Youth Chess Championship B14"]
[Site "Prague, Top Hotel Prague"]
[Date "2016.08.19"]
[Round "2.67"]
[White "Kriz, Tomas"]
[Black "Popvasilev, Kaloyan"]
[Result "0-1"]
[WhiteElo "1404"]
[BlackElo "1860"]
[PlyCount "56"]
[EventDate "2016.08.18"]

1. e4 c5 2. c3 d5 3. exd5 Qxd5 4. d4 Nc6 5. Nf3 e6 6. Be3 cxd4 7. cxd4 Bb4+ 8.
Nc3 Nf6 9. Bd3 O-O 10. O-O Bxc3 11. bxc3 b6 12. Qc2 h6 13. Rfd1 Bb7 14. Rab1
Ne7 15. c4 Qc6 16. c5 Rac8 17. Rdc1 bxc5 18. dxc5 Rfd8 19. h3 Rb8 20. a4 Rd5
21. Bb5 Qc7 22. Nd4 Rh5 23. Ne2 Nfd5 24. Qb3 Nxe3 25. Qxe3 Rxc5 26. Ba6 Qc6 27.
f3 Rxc1+ 28. Rxc1 Qxa6 0-1

[Event "European Youth Chess Championship B14"]
[Site "Prague, Top Hotel Prague"]
[Date "2016.08.19"]
[Round "2.68"]
[White "Mavrev, David"]
[Black "Winkin, Pol"]
[Result "1-0"]
[WhiteElo "1854"]
[BlackElo "1391"]
[PlyCount "61"]
[EventDate "2016.08.18"]

1. e4 e5 2. Nf3 Nc6 3. d4 exd4 4. Nxd4 Bb4+ 5. Nc3 Nf6 6. Bc4 Nxe4 7. Nxc6
Bxc3+ 8. bxc3 bxc6 9. Ba3 d6 10. O-O O-O 11. Qd3 Bf5 12. Rfe1 Re8 13. f3 d5 14.
fxe4 Bxe4 15. Qd4 Bxc2 16. Bd3 Bxd3 17. Qxd3 h6 18. Bc5 a5 19. Qg3 Rxe1+ 20.
Rxe1 Qf6 21. Bd4 Qg5 22. Qxc7 Qd2 23. Qg3 f6 24. Bxf6 Ra7 25. Bd4 Qxa2 26. Qb8+
Kh7 27. Qxa7 Kg6 28. Qxg7+ Kf5 29. Qf6+ Kg4 30. h3+ Kg3 31. Be5# 1-0

[Event "European Youth Chess Championship B14"]
[Site "Prague, Top Hotel Prague"]
[Date "2016.08.19"]
[Round "2.69"]
[White "Apergis, Iosif"]
[Black "Lavorgna, Filippo"]
[Result "0-1"]
[WhiteElo "1203"]
[BlackElo "1849"]
[PlyCount "61"]
[EventDate "2016.08.18"]

 1. e4 c6 2. d4 d5 3. Nc3
dxe4 4. Nxe4 Bf5 5. Ng3 Bg6 6. h4 h6 7. Nf3 Nd7 8. h5 Bh7 9. Bd3 Bxd3 10. Qxd3
e6 11. Bd2 Qc7 12. O-O-O Ngf6 13. Ne4 Nxe4 14. Qxe4 Nf6 15. Qe2 O-O-O 16. g3
Bd6 17. c4 c5 18. Bc3 Rhe8 19. Kb1 cxd4 20. Nxd4 a6 21. Rhe1 Qc5 22. g4 Qg5 23.
f3 Bf4 24. Rd3 e5 25. Nf5 Rxd3 26. Qxd3 Kb8 27. Qd6+ Ka8 28. Bxe5 Nxh5 29. gxh5
Qxh5 30. Ka1 Bxe5 31. Qd2 0-1

[Event "European Youth Chess Championship B14"]
[Site "Prague, Top Hotel Prague"]
[Date "2016.08.19"]
[Round "2.70"]
[White "Martirosyan, Ara"]
[Black "Antonioudakis, Dimitrios"]
[Result "1-0"]
[WhiteElo "1839"]
[BlackElo "1187"]
[PlyCount "59"]
[EventDate "2016.08.18"]

1. e4 c5 2. Nf3 d6 3. d4 cxd4 4. Nxd4 Nf6 5. Nc3 g6 6. Bc4 Bg7 7. O-O O-O 8. h3
Nc6 9. Be3 a6 10. Qd2 Bd7 11. a4 Qc8 12. Nxc6 Qxc6 13. Bd5 Nxd5 14. Nxd5 Rfe8
15. c3 Be6 16. Rfe1 Bxd5 17. exd5 Qd7 18. Bg5 Be5 19. Re4 Rac8 20. Rae1 Rc5 21.
f4 f5 22. R4e2 Bg7 23. Rxe7 Rxe7 24. Rxe7 Qxa4 25. Qe2 Rc8 26. Qe6+ Kh8 27.
Qxc8+ Bf8 28. Bf6+ Kg8 29. Rg7+ Kh8 30. Rxg6# 1-0

[Event "European Youth Chess Championship B14"]
[Site "Prague, Top Hotel Prague"]
[Date "2016.08.20"]
[Round "3.1"]
[White "Sahidi, Samir"]
[Black "Esipenko, Andrey"]
[Result "0-1"]
[WhiteElo "2225"]
[BlackElo "2490"]
[PlyCount "78"]
[EventDate "2016.08.18"]

1. d4 Nf6 2. c4 g6 3. Nf3 Bg7 4. g3 c6 5. Bg2 d5 6. Nbd2 O-O 7. O-O a5 8. b3
Ne4 9. Bb2 Bf5 10. Nh4 Nxd2 11. Qxd2 Be6 12. cxd5 cxd5 13. Nf3 Nc6 14. Ne5 a4
15. Nxc6 bxc6 16. Ba3 axb3 17. axb3 Qb6 18. Bc5 Qxb3 19. Bxe7 Rfb8 20. h4 Ra4
21. Rxa4 Qxa4 22. e3 Bf5 23. Rc1 Rb3 24. Bf1 h6 25. Qd1 Qa2 26. Rxc6 Rb2 27.
Qe1 Bc2 28. Ra6 Qb3 29. Ra1 Be4 30. Bg2 Bxg2 31. Kxg2 Qd3 32. Bc5 Re2 33. Qc1
h5 34. Kg1 Bh6 35. Qd1 Qb5 36. Rb1 Qa6 37. Qb3 Qf6 38. f4 Qe6 39. Rf1 Qh3 0-1

[Event "European Youth Chess Championship B14"]
[Site "Prague, Top Hotel Prague"]
[Date "2016.08.20"]
[Round "3.2"]
[White "Sargsyan, Shant"]
[Black "Guerra Rivera, Salvador"]
[Result "1-0"]
[WhiteElo "2441"]
[BlackElo "2285"]
[PlyCount "85"]
[EventDate "2016.08.18"]

1. d4 d6 2. Nf3 Nf6 3. g3 g6 4. Bg2 Bg7 5. c4 O-O 6. Nc3 Nc6 7. O-O Bf5 8. Bg5
Ne4 9. Nxe4 Bxe4 10. d5 Na5 11. b3 c5 12. Rc1 a6 13. Bh3 Bxf3 14. exf3 h6 15.
Bd2 b5 16. f4 f5 17. Qe1 b4 18. Qe6+ Kh7 19. Rce1 Ra7 20. g4 Qd7 21. Qe2 Rc7
22. gxf5 Rxf5 23. Qd3 Qc8 24. Re6 Qf8 25. Kh1 Rf6 26. Rg1 Nb7 27. Rxg6 Kh8 28.
Rexf6 Bxf6 29. Be6 Nd8 30. Rg8+ Qxg8 31. Bxg8 Kxg8 32. Qg6+ Kf8 33. Qxh6+ Bg7
34. Qg6 Nf7 35. h4 Bh6 36. h5 a5 37. Be3 a4 38. bxa4 Ra7 39. Qc2 Bg7 40. Kg2
Kg8 41. Kf3 Kf8 42. Qb3 Nh6 43. a3 1-0

[Event "European Youth Chess Championship B14"]
[Site "Prague, Top Hotel Prague"]
[Date "2016.08.20"]
[Round "3.3"]
[White "Matviishen, Viktor"]
[Black "Karayev, Kanan"]
[Result "1-0"]
[WhiteElo "2405"]
[BlackElo "2275"]
[PlyCount "65"]
[EventDate "2016.08.18"]

1. d4 Nf6 2. c4 g6 3. Nc3 Bg7 4. e4 d6 5. Bd3 O-O 6. Nge2 e5 7. d5 a5 8. O-O
Nh5 9. Be3 f5 10. exf5 gxf5 11. f3 Na6 12. a3 Kh8 13. Kh1 Rg8 14. Qb1 f4 15.
Bf2 Bh6 16. Ne4 Bf5 17. Nxd6 cxd6 18. Bxf5 Qg5 19. Bh3 Raf8 20. b4 Rc8 21. Rc1
Nf6 22. Qf5 Qg7 23. Rab1 axb4 24. axb4 Rcf8 25. Qe6 Ne4 26. fxe4 f3 27. gxf3
Bxc1 28. Rxc1 Rf6 29. Rg1 Rxe6 30. Rxg7 Rxg7 31. Bxe6 Nxb4 32. Bh4 Nd3 33. Ng3
1-0

[Event "European Youth Chess Championship B14"]
[Site "Prague, Top Hotel Prague"]
[Date "2016.08.20"]
[Round "3.4"]
[White "Martinovici, Ilie"]
[Black "Lomasov, Semen"]
[Result "1/2-1/2"]
[WhiteElo "2170"]
[BlackElo "2383"]
[PlyCount "49"]
[EventDate "2016.08.18"]

1. d4 Nf6 2. Nf3 g6 3. Nbd2 Bg7 4. e4 d6 5. Bd3 Nbd7 6. O-O O-O 7. c3 e5 8. Re1
Re8 9. b3 h6 10. Bb2 Nh7 11. Qc2 Ng5 12. c4 Ne6 13. d5 Nf4 14. b4 g5 15. Nb3
Nxd3 16. Qxd3 f5 17. Nfd2 Nf6 18. exf5 Qd7 19. Nf1 Qxf5 20. Qxf5 Bxf5 21. Ne3
Bg6 22. Rac1 g4 23. c5 Re7 24. Na5 Rb8 25. Nac4 1/2-1/2

[Event "European Youth Chess Championship B14"]
[Site "Prague, Top Hotel Prague"]
[Date "2016.08.20"]
[Round "3.5"]
[White "Keinanen, Toivo"]
[Black "Globus, Or"]
[Result "1/2-1/2"]
[WhiteElo "2337"]
[BlackElo "2165"]
[PlyCount "268"]
[EventDate "2016.08.18"]

1. c4 Nf6 2. g3 e5 3. Bg2 h6 4. a3 c6 5. d4 exd4 6. Qxd4 d5 7. Nf3 Be7 8. cxd5
cxd5 9. O-O O-O 10. Nc3 Bf5 11. Rd1 Bc2 12. Re1 Nc6 13. Qd2 Bh7 14. Nd4 Ne5 15.
b3 Ne4 16. Nxe4 Bxe4 17. Bb2 Bf6 18. Red1 Qb6 19. Qb4 Nc6 20. Nxc6 Bxb2 21.
Ne7+ Kh8 22. Ra2 Qxb4 23. axb4 Bc3 24. Nxd5 Bxd5 25. Rxd5 Bxb4 26. Rb5 a5 27.
Bxb7 Rab8 28. Ba6 Rxb5 29. Bxb5 Rc8 30. Bc4 Rc7 31. Kg2 g6 32. e4 h5 33. f4 Kg7
34. Kf3 Rd7 35. Rc2 Rd2 36. Rxd2 Bxd2 37. e5 Kf8 38. Ke4 Kg7 39. Be2 Bc3 40. f5
Kf8 41. f6 Ke8 42. Bb5+ Kf8 43. Bc4 Bb2 44. Kd5 Bc3 45. Kd6 Bb2 46. Be2 Bc3 47.
h3 Be1 48. g4 hxg4 49. hxg4 Bg3 50. Bc4 Bf4 51. Bd3 Bg3 52. Kd5 Bf4 53. Ke4 Bc1
54. Bc4 Bb2 55. Kd5 Bc1 56. Bd3 Bf4 57. Kd6 Bg3 58. Kd5 Bf4 59. Kd4 Bc1 60. Bc4
Bb2+ 61. Kd5 Bc1 62. Kc6 Bf4 63. Kd5 Bc1 64. Kc5 Bf4 65. Kd6 Bg3 66. Bd3 Bf4
67. Kd5 Bc1 68. Kd4 Bb2+ 69. Ke4 Bc1 70. Kf3 Bb2 71. Kf4 Bc1+ 72. Ke4 Bb2 73.
Kd5 Bc1 74. Kd4 Bb2+ 75. Ke4 Bc1 76. Kd5 Bf4 77. Kd4 Bc1 78. Bb1 Bb2+ 79. Ke4
Bc1 80. Kf3 Bb2 81. Kf4 Bc1+ 82. Ke4 Bb2 83. Kd5 Bc1 84. Kc5 Bf4 85. e6 Bg5 86.
Kb5 Bxf6 87. Kxa5 fxe6 88. Bxg6 Ke7 89. Kb5 Kd6 90. Kc4 Bd8 91. Kd4 Bf6+ 92.
Ke4 Kc5 93. Bf7 e5 94. Kf5 Bh8 95. g5 Kd4 96. Bc4 e4 97. Kg4 Be5 98. g6 Bg7 99.
Kg3 Ke3 100. b4 Kd4 101. Be2 Ke5 102. Kg4 Kf6 103. Kh5 e3 104. b5 Ke7 105. Kg5
Kd6 106. Kf4 Bh6+ 107. Kf5 Bg7 108. Ke4 Bh6 109. Bd3 Ke6 110. Be2 Kd6 111. Bf1
Ke6 112. Kf3 Kd6 113. Bd3 Ke6 114. Kg4 Ke5 115. Kh5 Bg7 116. Kg5 Kd6 117. Kf5
Kd5 118. Be2 Kd6 119. Ke4 Bh6 120. Kd4 Ke6 121. Ke4 Kf6 122. b6 Bf8 123. Kd5
Bh6 124. Ke4 Bf8 125. Bd3 e2 126. Bxe2 Kxg6 127. Kd5 Bh6 128. Ke5 Bg7+ 129. Kd5
Bh6 130. Ke4 Bf8 131. Ke5 Bg7+ 132. Ke6 Bh6 133. Bd3+ Kh5 134. Kf5 Be3 1/2-1/2

[Event "European Youth Chess Championship B14"]
[Site "Prague, Top Hotel Prague"]
[Date "2016.08.20"]
[Round "3.6"]
[White "Amon, Nejc"]
[Black "Baenziger, Fabian"]
[Result "0-1"]
[WhiteElo "2138"]
[BlackElo "2325"]
[PlyCount "58"]
[EventDate "2016.08.18"]

1. e4 c5 2. Nf3 e6 3. d4 cxd4 4. Nxd4 a6 5. Nc3 b5 6. Bd3 Bb7 7. a3 d6 8. O-O
Nf6 9. Qe2 Qc7 10. Kh1 Be7 11. f4 Nbd7 12. Bd2 O-O 13. Rae1 Nc5 14. Rf3 Rad8
15. Rh3 g6 16. Nf3 d5 17. exd5 Nxd3 18. cxd3 Bxd5 19. Ng5 Bb7 20. f5 e5 21.
fxg6 hxg6 22. Qf2 Kg7 23. Nge4 Ng4 24. Qg3 f5 25. Ng5 Bxg5 26. Bxg5 Rxd3 27.
Be3 Qc6 28. Ne4 Qxe4 29. Bh6+ Nxh6 0-1

[Event "European Youth Chess Championship B14"]
[Site "Prague, Top Hotel Prague"]
[Date "2016.08.20"]
[Round "3.7"]
[White "Henderson, De La Fuente Lance"]
[Black "Vlachos, Anatole"]
[Result "1-0"]
[WhiteElo "2306"]
[BlackElo "2160"]
[PlyCount "83"]
[EventDate "2016.08.18"]

1. e4 c5 2. Nf3 e6 3. d4 cxd4 4. Nxd4 a6 5. Nc3 Qc7 6. g3 Bb4 7. Bd2 Nc6 8. Nb3
Nf6 9. Bg2 O-O 10. O-O Be7 11. f4 d6 12. g4 Nd7 13. Qe2 b5 14. a3 Nb6 15. Rad1
Nc4 16. Bc1 a5 17. g5 Ba6 18. Qh5 b4 19. Rd3 bxc3 20. Rh3 h6 21. f5 N4e5 22. f6
Rfe8 23. fxg7 Bf8 24. gxf8=Q+ Kxf8 25. Rd1 Ke7 26. gxh6 a4 27. Qg5+ Kd7 28.
Nc5+ Kc8 29. Nxa6 Qb6+ 30. Qe3 Qxa6 31. Qxc3 Rg8 32. Qe1 Kc7 33. h7 Rh8 34. Kh1
Ng4 35. Bf3 Nce5 36. Bxg4 Nxg4 37. Qf1 Qb6 38. Qxf7+ Kc6 39. Rc3+ Kb5 40. Qh5+
Ne5 41. Qe2+ Ka5 42. Bd2 1-0

[Event "European Youth Chess Championship B14"]
[Site "Prague, Top Hotel Prague"]
[Date "2016.08.20"]
[Round "3.8"]
[White "Zarubitski, Viachaslau"]
[Black "Kalavannan, Koby"]
[Result "1-0"]
[WhiteElo "2300"]
[BlackElo "2146"]
[PlyCount "83"]
[EventDate "2016.08.18"]

1. e4 c5 2. Nf3 Nc6 3. Bb5 g6 4. O-O Bg7 5. c3 Nf6 6. Re1 O-O 7. h3 e5 8. d4
cxd4 9. cxd4 d5 10. Bg5 dxe4 11. Bxc6 bxc6 12. Nxe5 Qb6 13. Nc3 Nd5 14. Bc1 f5
15. Qa4 Bb7 16. Nd7 Qxd4 17. Nxf8 Qxa4 18. Nxa4 Bxf8 19. Bd2 Nb4 20. Bxb4 Bxb4
21. Red1 Ba6 22. a3 Be7 23. Rac1 Kf7 24. Nc5 Bc8 25. Nd7 Bxd7 26. Rxd7 Ke6 27.
Rb7 c5 28. Rd1 Bf6 29. b3 Bb2 30. a4 Bd4 31. b4 a5 32. bxc5 Bxc5 33. Rc1 Bb4
34. Rxh7 Rd8 35. Rh6 Kf6 36. Rc6+ Ke5 37. Rhxg6 Rd1+ 38. Kh2 Be1 39. Rc5+ Kf4
40. Rf6 Bxf2 41. Rcxf5+ Ke3 42. Rxf2 1-0

[Event "European Youth Chess Championship B14"]
[Site "Prague, Top Hotel Prague"]
[Date "2016.08.20"]
[Round "3.9"]
[White "Pultorak, Jan"]
[Black "Stevanic, David"]
[Result "1/2-1/2"]
[WhiteElo "2296"]
[BlackElo "2127"]
[PlyCount "113"]
[EventDate "2016.08.18"]

1. d4 Nf6 2. c4 e6 3. Nc3 d5 4. cxd5 exd5 5. Bg5 c6 6. e3 Bf5 7. Qf3 Bg6 8.
Bxf6 Qxf6 9. Qxf6 gxf6 10. Kd2 Nd7 11. Bd3 Nb6 12. b3 Kd7 13. Nge2 Nc8 14. h4
Rg8 15. Rag1 Bb4 16. Nf4 Bxd3 17. Nxd3 Bxc3+ 18. Kxc3 Nd6 19. Rh3 b6 20. g4
Rae8 21. Kc2 h6 22. Rf3 Ke7 23. Rf4 f5 24. g5 h5 25. Rf3 Rh8 26. Rfg3 Reg8 27.
f3 f4 28. Nxf4 Nf5 29. Rh3 Nxe3+ 30. Kd3 Nf5 31. Re1+ Kd6 32. Rh2 Re8 33. Rxe8
Rxe8 34. Nxh5 Rh8 35. Nf6 Rxh4 36. Rxh4 Nxh4 37. f4 Ng2 38. f5 Nh4 39. Ng4 Nxf5
40. Ne5 Ke6 41. Nxc6 Nd6 42. Nxa7 Kd7 43. Ke3 Nf5+ 44. Kf4 Nxd4 45. Ke5 Ne6 46.
Kxd5 Nxg5 47. Nc6 f6 48. Nd4 Nf7 49. a4 Ne5 50. b4 Nd3 51. Kc4 Ne5+ 52. Kb5 Kc7
53. Nf5 Nd7 54. Kc4 Ne5+ 55. Kd5 Nd3 56. b5 Nb2 57. Ke6 1/2-1/2

[Event "European Youth Chess Championship B14"]
[Site "Prague, Top Hotel Prague"]
[Date "2016.08.20"]
[Round "3.10"]
[White "Mladek, Richard"]
[Black "Salemgareev, Tagir"]
[Result "0-1"]
[WhiteElo "2015"]
[BlackElo "2293"]
[PlyCount "30"]
[EventDate "2016.08.18"]

1. e4 c5 2. Nf3 d6 3. d4 cxd4 4. Qxd4 a6 5. Be3 Nc6 6. Qd2 Nf6 7. Nc3 g6 8.
O-O-O Bg7 9. h3 O-O 10. Nd4 Qa5 11. Nb3 Qc7 12. f4 Na5 13. Nxa5 Qxa5 14. Kb1
Be6 15. g4 Nxe4 0-1

[Event "European Youth Chess Championship B14"]
[Site "Prague, Top Hotel Prague"]
[Date "2016.08.20"]
[Round "3.11"]
[White "Gavrilescu, David"]
[Black "Mis, Mieszko"]
[Result "1/2-1/2"]
[WhiteElo "2285"]
[BlackElo "2041"]
[PlyCount "43"]
[EventDate "2016.08.18"]

1. d4 d5 2. Nf3 Nf6 3. c4 e6 4. Nc3 c6 5. Qb3 Be7 6. Bg5 O-O 7. e3 Nbd7 8. Bd3
h6 9. Bh4 dxc4 10. Qxc4 Nd5 11. Bxe7 Qxe7 12. O-O Nxc3 13. Qxc3 Re8 14. Ne5 c5
15. Bb5 Rd8 16. Rfd1 Nxe5 17. dxe5 Bd7 18. Bf1 Bc6 19. Rac1 b6 20. f3 Rxd1 21.
Rxd1 Rd8 22. Rd2 1/2-1/2

[Event "European Youth Chess Championship B14"]
[Site "Prague, Top Hotel Prague"]
[Date "2016.08.20"]
[Round "3.12"]
[White "Tryggestad, Andreas Garberg"]
[Black "Sonis, Francesco"]
[Result "1/2-1/2"]
[WhiteElo "2161"]
[BlackElo "2427"]
[PlyCount "95"]
[EventDate "2016.08.18"]

1. e4 e5 2. Nf3 Nc6 3. Bb5 a6 4. Bxc6 dxc6 5. O-O Qf6 6. d4 exd4 7. Bg5 Qd6 8.
Qxd4 Qxd4 9. Nxd4 Bd7 10. Nc3 h6 11. Be3 O-O-O 12. Rad1 Nf6 13. f3 Bd6 14. Kf2
Rde8 15. Nde2 Nh5 16. Na4 Rhf8 17. Nb6+ cxb6 18. Rxd6 f5 19. Rfd1 Rf7 20. exf5
Rfe7 21. Nc3 b5 22. Ne4 Nf6 23. Rxf6 gxf6 24. Nd6+ Kc7 25. Nxe8+ Rxe8 26. Bf4+
Kc8 27. Rd6 Bxf5 28. Rxf6 Bxc2 29. Bxh6 b4 30. Rf7 Bd3 31. Be3 Bc4 32. Rg7 Bxa2
33. h4 Rg8 34. Rxg8+ Bxg8 35. Kg3 a5 36. Kf4 a4 37. Bc5 b3 38. Ke3 b6 39. Bf8
c5 40. Kd2 Kd7 41. g4 Bd5 42. f4 Bf3 43. g5 Ke6 44. g6 Kf5 45. g7 Bd5 46. Bd6
Kg4 47. Bc7 b5 48. Bd6 1/2-1/2

[Event "European Youth Chess Championship B14"]
[Site "Prague, Top Hotel Prague"]
[Date "2016.08.20"]
[Round "3.13"]
[White "Engel, Luis"]
[Black "Ongut, Tamas Gunes"]
[Result "1-0"]
[WhiteElo "2383"]
[BlackElo "2063"]
[PlyCount "49"]
[EventDate "2016.08.18"]

1. e4 c5 2. Nf3 Nc6 3. Bb5 g6 4. Bxc6 dxc6 5. d3 Bg7 6. h3 e6 7. Nc3 Ne7 8. Be3
b6 9. Qd2 Ba6 10. Bh6 Bxh6 11. Qxh6 Ng8 12. Qf4 f6 13. g4 e5 14. Qg3 Qe7 15. g5
fxg5 16. Nxe5 Bb7 17. h4 Nf6 18. Qxg5 O-O-O 19. O-O-O Qe6 20. f4 b5 21. Qg1 b4
22. Nb1 Qe7 23. Nd2 Nh5 24. Rf1 Kb8 25. Qh2 1-0

[Event "European Youth Chess Championship B14"]
[Site "Prague, Top Hotel Prague"]
[Date "2016.08.20"]
[Round "3.14"]
[White "Stefansson, Vignir Vatnar"]
[Black "Kozak, Adam"]
[Result "0-1"]
[WhiteElo "2160"]
[BlackElo "2376"]
[PlyCount "102"]
[EventDate "2016.08.18"]

1. c4 c5 2. g3 Nc6 3. Nc3 g6 4. Bg2 Bg7 5. Nf3 e5 6. O-O Nge7 7. a3 O-O 8. Ne1
d6 9. Nc2 Rb8 10. b4 Be6 11. Ne3 b6 12. b5 Na5 13. Qa4 f5 14. Bb2 e4 15. Rab1
Nxc4 16. Nxc4 d5 17. Nxd5 Bxd5 18. Bxg7 Kxg7 19. Ne3 Be6 20. Rbd1 Qc7 21. d3
exd3 22. Rxd3 f4 23. Nd5 Nxd5 24. Bxd5 Rbe8 25. Bxe6 Rxe6 26. Rfd1 Rf7 27. Qc2
Qe5 28. R1d2 Ref6 29. Qc3 Qxc3 30. Rxc3 fxg3 31. fxg3 Rf1+ 32. Kg2 Rb1 33. a4
Rb4 34. Ra3 Re7 35. Kf3 Kf7 36. h3 Ke8 37. Rdd3 Ree4 38. Re3 Rxe3+ 39. Kxe3 Ke7
40. Kd2 Kd6 41. Rd3+ Ke6 42. Re3+ Kd6 43. Rd3+ Ke6 44. Re3+ Kd5 45. Rd3+ Rd4
46. Kc3 Rxd3+ 47. Kxd3 Ke5 48. Ke3 Kd5 49. Kd3 g5 50. Ke3 Kc4 51. Ke4 Kb3 0-1

[Event "European Youth Chess Championship B14"]
[Site "Prague, Top Hotel Prague"]
[Date "2016.08.20"]
[Round "3.15"]
[White "Parkhov, Yair"]
[Black "Davtyan, Artur"]
[Result "1-0"]
[WhiteElo "2102"]
[BlackElo "2304"]
[PlyCount "79"]
[EventDate "2016.08.18"]

1. d4 Nf6 2. c4 e6 3. Nf3 b6 4. a3 Bb7 5. Nc3 d5 6. Bg5 Be7 7. Qa4+ c6 8. cxd5
exd5 9. e3 O-O 10. Bd3 Nbd7 11. Ne5 b5 12. Qc2 h6 13. Bxf6 Nxf6 14. O-O Bd6 15.
f4 a6 16. b4 a5 17. Rab1 axb4 18. axb4 Qb6 19. Bf5 Ra3 20. Rfc1 Rfa8 21. g4 Ne8
22. Qf2 Qd8 23. h4 Qe7 24. g5 Bxb4 25. gxh6 Bxc3 26. h7+ Kh8 27. Bg6 Nd6 28.
Bxf7 Qf6 29. Qc2 Qf5 30. Bg6 Qxc2 31. Rxc2 b4 32. Rg2 Ra1 33. Rg5 Rf8 34. Rxa1
Bxa1 35. Bb1 Rf6 36. Rh5 Ne4 37. f5 Ng3 38. Rg5 Ne2+ 39. Kf2 Kxh7 40. Kxe2 1-0